| 000 | 00728nam a2200217 a 4500 | ||
|---|---|---|---|
| 001 | 21597 | ||
| 003 | CO-ViMGA | ||
| 008 | 141112s2004 ck r 000 u spa d | ||
| 020 | _a8424607783 | ||
| 040 |
_aCO-ViMGA _bspa _cCO-ViMGA |
||
| 082 | 0 | 4 | _aI 567.91 P677d |
| 100 | 1 |
_aPortell, Joan; Aránega, Susanna _930851 |
|
| 245 | 1 | 0 | _aLos dinosaurios |
| 260 |
_aBarcelona : _bLa Galera, _c1999 |
||
| 300 | _a31 | ||
| 490 | _aDescubrimos; 8 | ||
| 590 | _aForma de adquisición : Donación fact. 8853 - - Precio : 28000 - - Proveedor : Fundación exito - - Fecha de adquisición : Junio 2007 | ||
| 650 | 1 | 4 |
_aANIMALES FOSILES - ENSEÑANZA ELEMENTAL _930852 |
| 650 | 1 | 4 |
_aDINOSAURIOS - ENSEÑANZA ELEMENTAL _930853 |
| 942 |
_2ddc _cBK |
||
| 999 |
_c30173 _d30173 |
||